MARC details
| 000 -LEADER |
| fixed length control field |
02008cam a2200457 a 4500 |
| 001 - CONTROL NUMBER |
| control field |
14116696 |
| 003 - CONTROL NUMBER IDENTIFIER |
| control field |
ARRUPE |
| 005 - DATE AND TIME OF LATEST TRANSACTION |
| control field |
20211026101537.0 |
| 008 - FIXED-LENGTH DATA ELEMENTS--GENERAL INFORMATION |
| fixed length control field |
050922s2006 enka b 001 0deng |
| 010 ## - LIBRARY OF CONGRESS CONTROL NUMBER |
| LC control number |
2005027735 |
| 015 ## - NATIONAL BIBLIOGRAPHY NUMBER |
| National bibliography number |
GBA603660 |
| Source |
bnb |
| 016 7# - NATIONAL BIBLIOGRAPHIC AGENCY CONTROL NUMBER |
| Record control number |
013354006 |
| Source |
Uk |
| 020 ## - INTERNATIONAL STANDARD BOOK NUMBER |
| International Standard Book Number |
0198566255 (acidfree paper) |
| 020 ## - INTERNATIONAL STANDARD BOOK NUMBER |
| International Standard Book Number |
9780198566250 (acidfree paper) |
| 035 ## - SYSTEM CONTROL NUMBER |
| System control number |
(OCoLC)ocm61703956 |
| 040 ## - CATALOGING SOURCE |
| Original cataloging agency |
DLC |
| Transcribing agency |
DLC |
| Modifying agency |
BAKER |
| -- |
BWKUK |
| -- |
UKM |
| -- |
DLC |
| 041 1# - LANGUAGE CODE |
| Language code of text/sound track or separate title |
eng |
| Language code of original and/or intermediate translations of text |
ita |
| 043 ## - GEOGRAPHIC AREA CODE |
| Geographic area code |
e-it--- |
| 050 00 - LIBRARY OF CONGRESS CALL NUMBER |
| Classification number |
Q155 |
| Item number |
.G28513 2006 |
| 082 00 - DEWEY DECIMAL CLASSIFICATION NUMBER |
| Classification number |
509/.032 |
| Edition number |
22 |
| 300 ## - PHYSICAL DESCRIPTION |
| Other physical details |
ill. ; |
| Dimensions |
23 cm. |
| 100 1# - MAIN ENTRY--PERSONAL NAME |
| Personal name |
Galilei, Galileo, |
| Dates associated with a name |
1564-1642. |
| 9 (RLIN) |
11368 |
| 240 10 - UNIFORM TITLE |
| Uniform title |
<a href="Works.">Works.</a> |
| Form subheading |
Selections. |
| Language of a work |
English. |
| Date of a work |
2006 |
| 245 10 - TITLE STATEMENT |
| Title |
Thus spoke Galileo : |
| Remainder of title |
the great scientist's ideas and their relevance to the present day / |
| Statement of responsibility, etc |
Andrea Frova and Mariapiera Marenzana ; translated by Jim McManus in collaboration with the authors. |
| 260 ## - PUBLICATION, DISTRIBUTION, ETC. (IMPRINT) |
| Place of publication, distribution, etc |
Oxford ; |
| -- |
New York : |
| Name of publisher, distributor, etc |
Oxford University Press, |
| Date of publication, distribution, etc |
2006. |
| 300 ## - PHYSICAL DESCRIPTION |
| Extent |
xx, 493 p. : |
| 500 ## - GENERAL NOTE |
| General note |
Translation of: Parola di Galileo. |
| 504 ## - BIBLIOGRAPHY, ETC. NOTE |
| Bibliography, etc |
Includes bibliographical references (p. [483]-484) and index. |
| 546 ## - LANGUAGE NOTE |
| Language note |
Translated from the Italian. |
| 600 10 - SUBJECT ADDED ENTRY--PERSONAL NAME |
| Personal name |
Galilei, Galileo, |
| Dates associated with a name |
1564-1642. |
| 9 (RLIN) |
11368 |
| 650 #0 - SUBJECT ADDED ENTRY--TOPICAL TERM |
| Topical term or geographic name as entry element |
Science |
| Form subdivision |
Early works to 1800. |
| 9 (RLIN) |
50618 |
| 650 #0 - SUBJECT ADDED ENTRY--TOPICAL TERM |
| Topical term or geographic name as entry element |
Astronomy |
| Form subdivision |
Early works to 1800. |
| 9 (RLIN) |
13920 |
| 650 #0 - SUBJECT ADDED ENTRY--TOPICAL TERM |
| Topical term or geographic name as entry element |
Scientists |
| Geographic subdivision |
Italy. |
| 9 (RLIN) |
50619 |
| 700 1# - ADDED ENTRY--PERSONAL NAME |
| Personal name |
Frova, Andrea, |
| Dates associated with a name |
1936- |
| 9 (RLIN) |
50620 |
| 700 1# - ADDED ENTRY--PERSONAL NAME |
| Personal name |
Marenzana, Mariapiera. |
| 9 (RLIN) |
50621 |
| 856 41 - ELECTRONIC LOCATION AND ACCESS |
| Materials specified |
Table of contents only |
| Uniform Resource Identifier |
<a href="http://www.loc.gov/catdir/toc/ecip0519/2005027735.html">http://www.loc.gov/catdir/toc/ecip0519/2005027735.html</a> |
| 856 42 - ELECTRONIC LOCATION AND ACCESS |
| Materials specified |
Publisher description |
| Uniform Resource Identifier |
<a href="http://www.loc.gov/catdir/enhancements/fy0637/2005027735-d.html">http://www.loc.gov/catdir/enhancements/fy0637/2005027735-d.html</a> |
| 856 42 - ELECTRONIC LOCATION AND ACCESS |
| Materials specified |
Contributor biographical information |
| Uniform Resource Identifier |
<a href="http://www.loc.gov/catdir/enhancements/fy0724/2005027735-b.html">http://www.loc.gov/catdir/enhancements/fy0724/2005027735-b.html</a> |
| 906 ## - LOCAL DATA ELEMENT F, LDF (RLIN) |
| a |
7 |
| b |
cbc |
| c |
orignew |
| d |
1 |
| e |
ecip |
| f |
20 |
| g |
y-gencatlg |
| 942 ## - ADDED ENTRY ELEMENTS (KOHA) |
| Source of classification or shelving scheme |
Library of Congress Classification |
| Koha item type |
Monograph ( Printed materials) |